Headache

সংরক্ষণ করুন:
গ্রন্থ-পঞ্জীর বিবরন
বিন্যাস: গ্রন্থ
ভাষা:Undetermined
প্রকাশিত: New Jersey Sandoz 1973
বিষয়গুলি:
ট্যাগগুলো: ট্যাগ যুক্ত করুন
কোনো ট্যাগ নেই, প্রথমজন হিসাবে ট্যাগ করুন!
Thư viện lưu trữ: Trung tâm Học liệu Trường Đại học Cần Thơ
LEADER 00401nam a2200157Ia 4500
001 CTU_14347
008 210402s9999 xx 000 0 und d
082 |a 616.072 
082 |b H433 
245 0 |a Headache 
260 |a New Jersey 
260 |b Sandoz 
260 |c 1973 
650 |a headache 
904 |i Nguyễn Quang Điền, 970103 
980 |a Trung tâm Học liệu Trường Đại học Cần Thơ